Statistics for Super Smash Bros 4- Luigi's Custom Special Moves

Click here to take the quiz!

General Stats

  • This quiz has been taken 8 times
  • The average score is 2 of 8

Answer Stats

Standard NameOfficial Name% Correct
Neutral Special 3Iceball
100%
Neutral Special 2Bouncing Fireball
33%
Down Special 3Clothesline Cyclone
33%
Up Special 3Burial Header
0%
Up Special 2Fiery Jump Punch
0%
Side Special 2Floating Missile
0%
Down Special 2Mach Cyclone
0%
Side Special 3Quick Missile
0%

Score Distribution

Percentile by Number Answered

Percent of People with Each Score

Your Score History

You have not taken this quiz